| 000 | 00435nam a22001457a 4500 | ||
|---|---|---|---|
| 082 |
_a388.114 _bFIS _cD |
||
| 100 |
_aFisher, Gregory, _938591 |
||
| 245 |
_aPrivate Financing of Toll Roads _cFisher, Gregory, |
||
| 260 |
_aWashingtonD.C : _cDecember 1996. _bThe world bank, |
||
| 300 | _aix, 37 p. : | ||
| 526 |
_a0 _b0 _c0 _d388_114000000000000_FIS |
||
| 526 |
_a0 _b0 _c0 _d388_114000000000000_FIS |
||
| 650 |
_aMCE _9379 |
||
| 942 |
_2ddc _cBK |
||
| 999 |
_c543225 _d543225 |
||